• 首页
  • 本馆介绍
  • 公告通知
  • 最新文献
  • 馆藏检索
  • 电子资源
  • 读者导购
  • 参考咨询
  • 我的图书馆
  • 登录
  • 详细信息显示
  • 放入我的书架
  • 预约/预借图书
  • 作者相关作品
  • 分类相关作品
  • 丛书相关作品
  • 出版社相关作品

书目信息

  • 表格格式
  • 工作单格式
  • 卡片格式
题名:
1972年国际海上避碰规则
    
 
作者: ;国家港务监督局译 译
分册:  
出版信息: 北京   人民交通出版社  1978
页数: 43页
开本: 19cm
丛书名:
单 册:
中图分类: U692.1
科图分类:
主题词: 海上交通-避碰规则--1972 , 避碰规则-海上交通--1972
电子资源:
ISBN:
000 00744nam0 2200241 45
001 0179005142
005 20060909152726.18
010    @dCNY0.14
091    @a6044.4023
100    @a19950727d1979 emky0chiy0121 ea
101 1  @achi@ceng
102    @aCN@b110000
105    @ay n 000yy
200 10 @a1972年国际海上避碰规则@A1972 nian guo ji hai shang bi peng gui ze@f国家港务监督局译
210    @a北京@c人民交通出版社@d1978
215    @a43页@d19cm
517 1  @a国际海上避碰规则@Aguo ji hai shang bi peng gui ze
606    @a海上交通-避碰规则@z1972
606    @a避碰规则-海上交通@z1972
690    @aU692.1@v3
711 02 @a国家港务监督局译@Aguo jia gang wu jian du ju yi@4译
801  0 @aCN@bTSSF@c20060909
905    @a10447@dU692.1@e176
    
    1972年国际海上避碰规则/国家港务监督局译.-北京:人民交通出版社,1978
    43页;19cm
    
    
    ISBN :CNY0.14
    
●
相关链接 在E读中查询图书 在五车中查询图书 在当当中查询图书 在豆瓣中查询图书


正题名:1972年国际海上避碰规则     索取号:U692.1/176         预约/预借

序号 登录号 条形码 馆藏地/架位号 状态 备注
1 0470486   204704864   密集书库/ [索取号:U692.1/176] 在馆    
唐山师范学院图书馆 欢迎您!
大连网信软件有限公司© 版权所有